[Event "France - Open A"]
[Site "Chartres"]
[Date "2019.08.23"]
[Round "7.11"]
[White "Bleuzen, Erwan"]
[Black "Caloone, Thomas"]
[Result "0-1"]
[WhiteElo "2013"]
[BlackElo "2111"]
[PlyCount "60"]
[EventDate "2019.08.??"]
[EventType "swiss"]
[EventRounds "9"]
[EventCountry "FRA"]
[WhiteTeam "Echiquier Gouesnousien"]
[BlackTeam "Lille Université Club Echiquier du Nord"]

1. d4 Nf6 2. Nf3 g6 3. c4 Bg7 4. Nc3 O-O 5. e4 d6 6. Be2 Nc6 7. O-O Bg4 8. Be3
Nd7 9. Nd2 Bxe2 10. Nxe2 e5 11. d5 Ne7 12. b4 f5 13. f3 c6 14. Rc1 Nf6 15. Nc3
Qd7 16. Bf2 Bh6 17. Rc2 Rfc8 18. c5 dxc5 19. bxc5 cxd5 20. exd5 Nexd5 21. Nc4
Nxc3 22. Rxc3 Qxd1 23. Rxd1 Rd8 24. Rb1 e4 25. Rcb3 b6 26. cxb6 axb6 27. Bxb6
Rdc8 28. Ne3 Rxa2 29. fxe4 Nxe4 30. R3b2 Rxb2 0-1

[Event "France - Open A"]
[Site "Chartres"]
[Date "2019.08.23"]
[Round "7.12"]
[White "Weibel, Theo"]
[Black "Anes, Emmanuel"]
[Result "1/2-1/2"]
[WhiteElo "2081"]
[BlackElo "2014"]
[PlyCount "89"]
[EventDate "2019.08.??"]
[EventType "swiss"]
[EventRounds "9"]
[EventCountry "FRA"]
[WhiteTeam "Echiquier Club Le Mans"]
[BlackTeam "L'Echiquier du Lac Enghien"]

1. e4 g6 2. d4 Bg7 3. Nc3 d6 4. Be3 a6 5. Qd2 b5 6. f3 Nd7 7. h4 Ngf6 8. O-O-O
Nb6 9. Bh6 Bxh6 10. Qxh6 b4 11. Nce2 c6 12. Nf4 Kd7 13. h5 Bb7 14. Nge2 a5 15.
g3 Kc7 16. e5 Nfd5 17. e6 f6 18. hxg6 hxg6 19. Qxh8 Qxh8 20. Rxh8 Rxh8 21. Nxg6
Rh1 22. Bg2 Rxd1+ 23. Kxd1 Ne3+ 24. Ke1 Nbd5 25. Kf2 Nd1+ 26. Kg1 Nxb2 27. f4
Kd8 28. Bxd5 cxd5 29. g4 Nc4 30. Kf2 Nd2 31. Ng3 Ne4+ 32. Nxe4 dxe4 33. g5 Bd5
34. gxf6 exf6 35. e7+ Ke8 36. Ke3 f5 37. Nh4 Be6 38. d5 Bd7 39. Kd4 Kxe7 40.
Ng2 Kf6 41. Ne3 Bb5 42. c3 bxc3 43. Kxc3 Bd3 44. a3 Bb5 45. Kd4 1/2-1/2

[Event "France - Open A"]
[Site "Chartres"]
[Date "2019.08.23"]
[Round "7.13"]
[White "L'Huillier, Thibaud"]
[Black "De Lussac, Rainier"]
[Result "1-0"]
[WhiteElo "2093"]
[BlackElo "2164"]
[PlyCount "55"]
[EventDate "2019.08.??"]
[EventType "swiss"]
[EventRounds "9"]
[EventCountry "FRA"]
[WhiteTeam "Club d'Echecs de Saint-Maur"]
[BlackTeam "Cercle d'Echecs de Nantes"]

1. d4 Nf6 2. c4 e6 3. Nc3 Bb4 4. Qc2 Nc6 5. Nf3 d6 6. e3 O-O 7. Bd3 e5 8. d5
Ne7 9. e4 Ng6 10. O-O Bxc3 11. Qxc3 Nh5 12. c5 f5 13. cxd6 cxd6 14. Bg5 Qe8 15.
exf5 Bxf5 16. Bxf5 Rxf5 17. Rfe1 Qf7 18. Qd3 Rf8 19. Qe4 Nhf4 20. Bxf4 Nxf4 21.
Re3 Qg6 22. Nh4 Qg4 23. Nxf5 Rxf5 24. Kh1 Rh5 25. Rg3 Qc8 26. Rd1 Qc5 27. Rf3
Rh6 28. Rxf4 1-0

[Event "France - Open A"]
[Site "Chartres"]
[Date "2019.08.23"]
[Round "7.14"]
[White "Sabatier, Mathis"]
[Black "Denninger, Guilhem"]
[Result "1-0"]
[WhiteElo "2152"]
[BlackElo "2072"]
[PlyCount "93"]
[EventDate "2019.08.??"]
[EventType "swiss"]
[EventRounds "9"]
[EventCountry "FRA"]
[WhiteTeam "Echecs Club de Corbas"]
[BlackTeam "Echecs Club Montpellier"]

1. d4 d5 2. c4 e6 3. Nc3 Nf6 4. cxd5 exd5 5. Bg5 c6 6. e3 Nbd7 7. Bd3 Be7 8.
Qc2 Nh5 9. Bxe7 Qxe7 10. Nge2 g6 11. O-O O-O 12. Rab1 f5 13. b4 a6 14. a4 Ndf6
15. b5 axb5 16. axb5 Bd7 17. Na4 Ne4 18. Nb6 Ra5 19. Nxd7 Qxd7 20. bxc6 Qxc6
21. Bxe4 fxe4 22. Qb3 Rf7 23. Qb6 Ra2 24. Qxc6 bxc6 25. Nc1 Rc2 26. Nb3 Rb7 27.
Nc5 Rbb2 28. Rxb2 Rxb2 29. h3 Nf6 30. Ra1 Rb8 31. g4 g5 32. Ra7 Ne8 33. Re7 Rc8
34. Kg2 Nd6 35. Nd7 Nf7 36. f3 exf3+ 37. Kxf3 Ra8 38. Nf6+ Kg7 39. Nh5+ Kf8 40.
Rc7 Ra6 41. Ng3 Kg7 42. Nf5+ Kf6 43. Ne7 Nd6 44. Nxc6 Ne8 45. Rxh7 Kg6 46. Re7
Nd6 47. Nb4 1-0

[Event "France - Open A"]
[Site "Chartres"]
[Date "2019.08.23"]
[Round "7.15"]
[White "Adrian, Leopold"]
[Black "Weill, Roland"]
[Result "0-1"]
[WhiteElo "1990"]
[BlackElo "2146"]
[PlyCount "86"]
[EventDate "2019.08.??"]
[EventType "swiss"]
[EventRounds "9"]
[EventCountry "FRA"]
[WhiteTeam "Vandoeuvre-Echecs"]
[BlackTeam "Echiquier Centre Vaucluse "]

1. c4 g6 2. Nf3 Bg7 3. d4 Nf6 4. g3 d6 5. Bg2 O-O 6. O-O Nc6 7. Nc3 a6 8. d5
Na5 9. b3 c5 10. Bb2 b5 11. Nd2 Rb8 12. Rb1 bxc4 13. bxc4 Rb4 14. a3 Rxb2 15.
Rxb2 Nxd5 16. cxd5 Bxc3 17. Rc2 Bg7 18. Nc4 Bd7 19. Qd2 Nb3 20. Qd3 Nd4 21. Ra2
Nb5 22. Rc1 Bf5 23. e4 Bd7 24. a4 Nd4 25. f4 Qc7 26. Rb1 Rb8 27. Kh1 Rb4 28.
Rxb4 cxb4 29. e5 dxe5 30. fxe5 Bxe5 31. Nxe5 Qxe5 32. Qe4 Qxe4 33. Bxe4 a5 34.
Rd2 Nb3 35. Rb2 Nc5 36. Bc2 Bxa4 37. Bxa4 Nxa4 38. Ra2 b3 39. Ra3 b2 40. Rb3
Kg7 41. Kg2 Kf6 42. Kf3 Ke5 43. Ke3 Nc3 0-1

[Event "France - Open A"]
[Site "Chartres"]
[Date "2019.08.23"]
[Round "7.16"]
[White "Bernard, Jacques"]
[Black "Bergougnoux, Axel"]
[Result "1/2-1/2"]
[WhiteElo "2140"]
[BlackElo "2064"]
[PlyCount "126"]
[EventDate "2019.08.??"]
[EventType "swiss"]
[EventRounds "9"]
[EventCountry "FRA"]
[WhiteTeam "Evry Grand Roque"]
[BlackTeam "Cannes Echecs"]

1. e4 e5 2. Nf3 Nc6 3. Bb5 Bc5 4. O-O Nd4 5. Nxd4 Bxd4 6. Bc4 Bb6 7. d3 d6 8.
a4 a6 9. Nc3 Nf6 10. Bg5 c6 11. Kh1 h6 12. Be3 Bc7 13. Qf3 O-O 14. h3 Be6 15.
Bxe6 fxe6 16. Qe2 d5 17. Bc5 Rf7 18. Rae1 b6 19. Ba3 d4 20. Nb1 c5 21. Nd2 Nd7
22. b3 b5 23. Qg4 Qe7 24. Bc1 Raf8 25. Nf3 Kh7 26. axb5 axb5 27. Bd2 Ra8 28.
Ra1 Rff8 29. Kg1 Qf6 30. Qh5 Kg8 31. Qg4 b4 32. Rfb1 Rfb8 33. Qg3 Kh7 34. Kf1
Nf8 35. Ke2 Qg6 36. Qxg6+ Nxg6 37. g3 Ne7 38. h4 g6 39. Nh2 Kg7 40. Ng4 h5 41.
Bg5 Ng8 42. Nh2 Bd8 43. Nf3 Bf6 44. Nd2 Ne7 45. Nc4 Nc6 46. Bxf6+ Kxf6 47. f4
exf4 48. gxf4 e5 49. fxe5+ Nxe5 50. Nxe5 Kxe5 51. Rxa8 Rxa8 52. Rg1 Ra6 53. Rf1
Ra2 54. Kd2 Ra6 55. Rf8 Rb6 56. Ke2 Ra6 57. Rf7 Ra2 58. Kd2 Ra1 59. Rc7 Kd6 60.
Rg7 Rg1 61. Ke2 Rg2+ 62. Kf3 Rxc2 63. Rxg6+ Ke7 1/2-1/2

[Event "France - Open A"]
[Site "Chartres"]
[Date "2019.08.23"]
[Round "7.17"]
[White "Maleki, Nicolas"]
[Black "Eche, Sylvain"]
[Result "0-1"]
[WhiteElo "2118"]
[BlackElo "2058"]
[PlyCount "105"]
[EventDate "2019.08.??"]
[EventType "swiss"]
[EventRounds "9"]
[EventCountry "FRA"]
[WhiteTeam "Echiquier Tourangeau"]
[BlackTeam "C'Chartres Echecs"]

1. e4 c5 2. Nf3 d6 3. d4 cxd4 4. Nxd4 Nf6 5. Nc3 a6 6. Be3 e5 7. Nb3 Be6 8. f3
Be7 9. Qd2 O-O 10. O-O-O a5 11. Bb5 Na6 12. Kb1 Nc7 13. Ba4 d5 14. Bb6 d4 15.
Nb5 Nfe8 16. Nxa5 Ra6 17. Bxc7 Nxc7 18. b4 Rb6 19. c4 Bd7 20. a3 Nxb5 21. cxb5
Bxb5 22. Bb3 Qd7 23. Rc1 Ra8 24. Qc2 Bc6 25. Qc4 Bg5 26. Rcd1 Rc8 27. Qd3 Qc7
28. g3 Bb5 29. Qc2 Qd7 30. Nc4 Bxc4 31. Bxc4 Qc7 32. Bd3 Rc6 33. Qa4 Be3 34.
Rhe1 Rc3 35. Re2 h6 36. Rc2 b5 37. Rxc3 dxc3 38. Qc2 Qa7 39. Ka2 Qb6 40. Re1
Bd4 41. Rc1 Be3 42. Rb1 Bd2 43. Rb3 Rd8 44. Rb1 Rd4 45. Rd1 Qa6 46. Rb1 Qe6+
47. Ka1 Qd7 48. Be2 Qa7 49. Ka2 Qd7 50. Ka1 Rd6 51. Rb3 Be3 52. Kb1 Rd2 53.
Bxb5 0-1

[Event "France - Open A"]
[Site "Chartres"]
[Date "2019.08.23"]
[Round "7.18"]
[White "Gollain, Marc"]
[Black "Frantz, Nicolas"]
[Result "0-1"]
[WhiteElo "2115"]
[BlackElo "2045"]
[PlyCount "118"]
[EventDate "2019.08.??"]
[EventType "swiss"]
[EventRounds "9"]
[EventCountry "FRA"]
[WhiteTeam "Malakoff et Mat"]
[BlackTeam "Vandoeuvre-Echecs"]

1. c4 e5 2. g3 Nf6 3. Bg2 Nc6 4. Nc3 Bc5 5. e3 d5 6. cxd5 Nb4 7. d4 exd4 8.
exd4 Be7 9. Nge2 Bf5 10. O-O Nc2 11. g4 Bg6 12. Nf4 Nxa1 13. Nxg6 hxg6 14. Bf4
Qd7 15. h3 O-O 16. Qxa1 Bd6 17. Be5 Rfe8 18. f4 b5 19. Qd1 b4 20. Nb1 Qb5 21.
Qb3 Rad8 22. Na3 Qd7 23. Nc4 Bxe5 24. Nxe5 Qd6 25. Nc6 Rd7 26. Ne5 Rdd8 27. Nc6
Rd7 28. Ne5 Rde7 29. Rc1 Qb6 30. Qd3 Nd7 31. Rc6 Qa5 32. Ra6 Nc5 33. Rxa5 Nxd3
34. Nxd3 f6 35. Ra6 Re3 36. Nxb4 Re1+ 37. Kh2 Rd1 38. Re6 Rb8 39. d6 cxd6 40.
Bd5 Kh7 41. a3 a5 42. Rxd6 axb4 43. Ra6 Rxd4 44. Rd6 Rd2+ 45. Kg3 bxa3 46. bxa3
Rb3+ 47. Bxb3 Rxd6 48. Bc2 Rc6 49. Be4 Rc3+ 50. Kh4 Rxa3 51. g5 Ra4 52. Bc2
Rxf4+ 53. Kg3 Rc4 54. Bd1 Rc3+ 55. Kh4 Kg8 56. Bg4 Kf7 57. Be6+ Ke7 58. Bg8 Rc5
59. Bh7 Rxg5 0-1

[Event "France - Open A"]
[Site "Chartres"]
[Date "2019.08.23"]
[Round "7.19"]
[White "Emmenecker, Philippe"]
[Black "Batteux, Mickael"]
[Result "0-1"]
[WhiteElo "2098"]
[BlackElo "2037"]
[PlyCount "58"]
[EventDate "2019.08.??"]
[EventType "swiss"]
[EventRounds "9"]
[EventCountry "FRA"]
[WhiteTeam "Issy-Les-Moulineaux"]
[BlackTeam "Fillé sur Sarthe"]

1. d4 Nf6 2. c4 c5 3. d5 b5 4. Bg5 d6 5. Bxf6 exf6 6. cxb5 Be7 7. Nc3 O-O 8. e3
a6 9. a4 axb5 10. axb5 Rxa1 11. Qxa1 Nd7 12. Nf3 Nb6 13. Qa7 f5 14. Nd2 Bf6 15.
Ndb1 f4 16. e4 f3 17. gxf3 Bd4 18. Rg1 c4 19. Ne2 Bc5 20. Qa5 Qh4 21. Ng3 Bd7
22. Qc3 f6 23. h3 Ra8 24. Na3 Ra4 25. Nc2 Qh6 26. Qd2 Bxf2+ 27. Qxf2 Qc1+ 28.
Ke2 Qxc2+ 29. Ke3 Qb3+ 0-1

[Event "France - Open A"]
[Site "Chartres"]
[Date "2019.08.23"]
[Round "7.20"]
[White "Robert, Yoann"]
[Black "Baroyan, Davit"]
[Result "1/2-1/2"]
[WhiteElo "1966"]
[BlackElo "2094"]
[PlyCount "67"]
[EventDate "2019.08.??"]
[EventType "swiss"]
[EventRounds "9"]
[EventCountry "FRA"]
[WhiteTeam "Club d'Echecs de Sautron"]
[BlackTeam "Marseille-Echecs"]

1. b3 e5 2. Bb2 d6 3. e3 f5 4. d4 e4 5. c4 Nf6 6. Nc3 g6 7. h4 Bg7 8. Nh3 O-O
9. Be2 c5 10. Nf4 Nc6 11. d5 Ne5 12. Qd2 a6 13. a4 Bd7 14. O-O Re8 15. a5 Nfg4
16. g3 b5 17. cxb5 axb5 18. Ne6 Qe7 19. Rfd1 b4 20. Na4 Rxa5 21. Nb6 Rxa1 22.
Rxa1 Bxe6 23. dxe6 Qxe6 24. Ra7 Rd8 25. Bc4 d5 26. Bxd5 Kf8 27. Bxe6 Rxd2 28.
Bxe5 Bxe5 29. Nc4 Rd1+ 30. Kg2 Ra1 31. Rf7+ Ke8 32. Rxh7 Ra2 33. Kg1 Ra1+ 34.
Kg2 1/2-1/2

[Event "France - Open A"]
[Site "Chartres"]
[Date "2019.08.23"]
[Round "7.21"]
[White "Muller, Matthieu"]
[Black "Henno, Francois"]
[Result "1-0"]
[WhiteElo "1953"]
[BlackElo "2077"]
[PlyCount "73"]
[EventDate "2019.08.??"]
[EventType "swiss"]
[EventRounds "9"]
[EventCountry "FRA"]
[WhiteTeam "Mulhouse Philidor"]
[BlackTeam "Cercle d'Echecs de Nantes"]

1. e4 c5 2. Nf3 e6 3. d4 cxd4 4. Nxd4 a6 5. c4 Nf6 6. Nc3 Qc7 7. a3 Be7 8. Be2
d6 9. O-O Nbd7 10. f4 b6 11. Be3 Bb7 12. Bf3 O-O 13. Rc1 Rac8 14. g4 Nc5 15.
Qc2 g6 16. g5 Ne8 17. b4 e5 18. Nf5 gxf5 19. bxc5 dxc5 20. exf5 exf4 21. Bxb7
Qxb7 22. Rxf4 f6 23. g6 hxg6 24. fxg6 Bd6 25. Rh4 f5 26. Nd5 Be5 27. Rh7 Bg7
28. Bg5 Rc7 29. Rd1 Rd7 30. Qe2 Qc6 31. Ne7+ Rxe7 32. Qxe7 Qxg6 33. Rh3 f4 34.
Re1 Bd4+ 35. Kf1 Ng7 36. Qxf8+ Kxf8 37. Rh8+ 1-0

[Event "France - Open A"]
[Site "Chartres"]
[Date "2019.08.23"]
[Round "7.22"]
[White "Spitz, Christophe"]
[Black "Fournier, Dimitri"]
[Result "1-0"]
[WhiteElo "2147"]
[BlackElo "2034"]
[PlyCount "131"]
[EventDate "2019.08.??"]
[EventType "swiss"]
[EventRounds "9"]
[EventCountry "FRA"]
[WhiteTeam "U.S. Orléans.Echecs"]
[BlackTeam "Club du Canal St-Martin Paris"]

1. e4 c6 2. d4 d5 3. e5 Bf5 4. Nc3 e6 5. g4 Bg6 6. Nge2 c5 7. h4 h5 8. Nf4 Bh7
9. Nxh5 Nc6 10. Be3 a6 11. f4 Nge7 12. Bd3 Bxd3 13. Qxd3 cxd4 14. Bxd4 Nxd4 15.
Qxd4 Nc6 16. Qf2 d4 17. Ne4 Qa5+ 18. Qd2 Qa4 19. Kf2 O-O-O 20. b3 Qb5 21. c4
dxc3 22. Qxc3 Bb4 23. Qc4 Qxc4 24. bxc4 Rd4 25. Ke3 Rhd8 26. Nhg3 Rd3+ 27. Kf2
Ra3 28. h5 Rdd3 29. g5 Bc5+ 30. Kg2 Bd4 31. h6 gxh6 32. gxh6 Bxa1 33. h7 Rxa2+
34. Kh3 Rd8 35. Nd6+ Kc7 36. Nxf7 Rf8 37. h8=Q Rxh8+ 38. Nxh8 Bd4 39. Nf7 b5
40. cxb5 axb5 41. Ng5 Be3 42. Nxe6+ Kd7 43. Rd1+ Kxe6 44. Rd6+ Kf7 45. Rxc6 b4
46. f5 Ra7 47. Ne4 Bd4 48. Nd6+ Kf8 49. Rc8+ Ke7 50. Nb5 Rd7 51. e6 Rd5 52.
Nxd4 Kf6 53. Rc4 b3 54. Nxb3 Rd3+ 55. Kg4 Rxb3 56. Re4 Rb7 57. Kf4 Rh7 58. Rd4
Rh4+ 59. Ke3 Rh3+ 60. Ke4 Rh4+ 61. Kd5 Rh5 62. Re4 Rh7 63. Kd6 Ra7 64. e7 Ra6+
65. Kc5 Ra5+ 66. Kb6 1-0

[Event "France - Open A"]
[Site "Chartres"]
[Date "2019.08.23"]
[Round "7.23"]
[White "Boulos, Carlos"]
[Black "Destic, Pablo"]
[Result "1-0"]
[WhiteElo "2078"]
[BlackElo "1989"]
[PlyCount "59"]
[EventDate "2019.08.??"]
[EventType "swiss"]
[EventRounds "9"]
[EventCountry "FRA"]
[WhiteTeam "J.E.E.N."]
[BlackTeam "l'Echiquier Toulousain"]

1. e4 e5 2. Nf3 Nc6 3. Nc3 Nf6 4. Bb5 Bc5 5. Nxe5 Nxe5 6. d4 a6 7. Be2 Bd6 8.
f4 Ng6 9. e5 Bb4 10. exf6 Qxf6 11. O-O c6 12. Ne4 Qe7 13. Bd3 d5 14. Ng3 Qc7
15. f5 Ne7 16. f6 gxf6 17. Nh5 Ng8 18. Bf4 Bd6 19. Qe2+ Kf8 20. Nxf6 Be6 21.
Qxe6 fxe6 22. Nxd5 Qa5 23. Bxd6+ Ke8 24. Rf8+ Kd7 25. Rxa8 Kxd6 26. Ne3 Qg5 27.
Nc4+ Kc7 28. Rf1 Qg7 29. Rf7+ Qxf7 30. Rc8+ 1-0

[Event "France - Open A"]
[Site "Chartres"]
[Date "2019.08.23"]
[Round "7.24"]
[White "Corgeron, Jean-Luc"]
[Black "Valentin, Rene"]
[Result "0-1"]
[WhiteElo "2036"]
[BlackElo "2076"]
[PlyCount "74"]
[EventDate "2019.08.??"]
[EventType "swiss"]
[EventRounds "9"]
[EventCountry "FRA"]
[WhiteTeam "Club Avenir St Georges Section Echecs "]
[BlackTeam "C'Chartres Echecs"]

1. Nf3 c5 2. c4 Nf6 3. Nc3 g6 4. g3 Bg7 5. Bg2 O-O 6. e4 Nc6 7. O-O b6 8. d4
cxd4 9. Nxd4 Bb7 10. e5 Ne8 11. f4 Rc8 12. Be3 d6 13. Qa4 Qc7 14. Nd5 Qd7 15.
e6 fxe6 16. Bh3 Rf5 17. Nxf5 gxf5 18. Nc3 Bxc3 19. bxc3 Ne5 20. Qxd7 Nxd7 21.
Bd4 Rxc4 22. Rfe1 Kf7 23. g4 e5 24. fxe5 dxe5 25. Bf1 Rc8 26. Bxe5 Nxe5 27.
Rxe5 fxg4 28. Rae1 Rc7 29. Bd3 Nf6 30. Bf5 h5 31. Be6+ Kg6 32. Bb3 Rxc3 33.
Rxe7 Bd5 34. Bxd5 Nxd5 35. Rxa7 Nf4 36. Rb1 Kg5 37. Rb2 Rc1+ 0-1

[Event "France - Open A"]
[Site "Chartres"]
[Date "2019.08.23"]
[Round "7.25"]
[White "Deveque, Guillaume"]
[Black "Saya, Ethan"]
[Result "0-1"]
[WhiteElo "2016"]
[BlackElo "2068"]
[PlyCount "54"]
[EventDate "2019.08.??"]
[EventType "swiss"]
[EventRounds "9"]
[EventCountry "FRA"]
[WhiteTeam "Lille Université Club Echiquier du Nord"]
[BlackTeam "Echiquier Grenoblois"]

1. e4 e6 2. d4 d5 3. Nc3 dxe4 4. Nxe4 Nd7 5. Nf3 Ngf6 6. Nxf6+ Nxf6 7. c3 Be7
8. Be2 O-O 9. O-O c5 10. Ne5 cxd4 11. cxd4 Qb6 12. Qd3 Rd8 13. Be3 Qxb2 14.
Rab1 Qa3 15. Rb3 Qd6 16. Bf3 Nd5 17. Bc1 Nb4 18. Qb1 a5 19. Bh5 Rf8 20. Rh3 f5
21. Qb3 Bd7 22. a3 Nc6 23. Qxb7 Ra7 24. Qb3 Nxd4 25. Qg3 Bf6 26. Bf4 Qa6 27. f3
Ne2+ 0-1

[Event "France - Open A"]
[Site "Chartres"]
[Date "2019.08.23"]
[Round "7.26"]
[White "Labandibar, Benoit"]
[Black "Delboe, Charles"]
[Result "1-0"]
[WhiteElo "2059"]
[BlackElo "1965"]
[PlyCount "117"]
[EventDate "2019.08.??"]
[EventType "swiss"]
[EventRounds "9"]
[EventCountry "FRA"]
[WhiteTeam "MJC Chécy"]
[BlackTeam "C.E. Neuville-en-Ferrain"]

1. d4 Nf6 2. c4 c5 3. d5 b5 4. Qc2 bxc4 5. e4 e6 6. Bxc4 exd5 7. exd5 d6 8. Nf3
Be7 9. O-O O-O 10. h3 Nbd7 11. b3 Nb6 12. Rd1 Bb7 13. Nc3 Rb8 14. a4 Nfd7 15.
Ne4 Nf6 16. Nc3 Nfd7 17. Bf4 Nxc4 18. bxc4 Nb6 19. a5 Nxc4 20. Nb5 Ba6 21. Nxa7
Rb2 22. Qe4 Bf6 23. Nc6 Qe8 24. Qxe8 Rxe8 25. Re1 Rxe1+ 26. Rxe1 Kf8 27. g4 Bb5
28. g5 Bxc6 29. dxc6 Bd8 30. Rc1 Rb4 31. a6 Ra4 32. a7 Ne5 33. Nxe5 dxe5 34.
Bxe5 Rxa7 35. Bd6+ Ke8 36. Re1+ Be7 37. Bxc5 Rc7 38. Bd6 Rxc6 39. Bxe7 Rg6 40.
h4 h6 41. f4 Kd7 42. f5 Rc6 43. f6 gxf6 44. gxh6 f5 45. Bf8 Rc4 46. Re7+ Kd8
47. Rxf7 Rg4+ 48. Kf2 Rxh4 49. Rxf5 Ke8 50. Bg7 Rh1 51. Kg3 Ke7 52. Kg4 Ke6 53.
Rf3 Ke7 54. Rf4 Ke6 55. Kg5 Rg1+ 56. Kh5 Rh1+ 57. Kg6 Rg1+ 58. Kh7 Ke7 59. Kg8
1-0

[Event "France - Open A"]
[Site "Chartres"]
[Date "2019.08.23"]
[Round "7.27"]
[White "Poulet, Benoit"]
[Black "Kieffer, Anatole"]
[Result "0-1"]
[WhiteElo "2048"]
[BlackElo "1973"]
[PlyCount "58"]
[EventDate "2019.08.??"]
[EventType "swiss"]
[EventRounds "9"]
[EventCountry "FRA"]
[WhiteTeam "Echiquier des Lions - Lyon Oullins"]
[BlackTeam "Evry Grand Roque"]

1. d4 Nf6 2. Nc3 g6 3. e4 d6 4. Bf4 Bg7 5. Qd2 Nbd7 6. Nf3 O-O 7. O-O-O c6 8.
e5 Ne8 9. h4 h5 10. e6 fxe6 11. Bd3 Rf6 12. Bg5 Nf8 13. Bxf6 exf6 14. Rdg1 f5
15. Re1 b5 16. Ne2 Qc7 17. c3 a5 18. Kb1 Rb8 19. Ng5 c5 20. dxc5 dxc5 21. Bc2
c4 22. f3 b4 23. Ba4 Nf6 24. Nf4 bxc3 25. Qe3 Rxb2+ 26. Ka1 Qd6 27. Ne2 Nd5 28.
Qa7 Qa3 29. Nc1 c2 0-1

[Event "France - Open A"]
[Site "Chartres"]
[Date "2019.08.23"]
[Round "7.28"]
[White "Ribiere, Damien"]
[Black "Azymah, Remy"]
[Result "1-0"]
[WhiteElo "2042"]
[BlackElo "1957"]
[PlyCount "45"]
[EventDate "2019.08.??"]
[EventType "swiss"]
[EventRounds "9"]
[EventCountry "FRA"]
[WhiteTeam "Club d'Echecs de Guyancourt"]
[BlackTeam "Evry Grand Roque"]

1. e4 c5 2. a3 g6 3. Nc3 Bg7 4. Bc4 a6 5. Ba2 Nc6 6. d3 e6 7. Rb1 Nf6 8. Bg5 h6
9. Bh4 b5 10. Nf3 Qa5 11. Nd2 Nd4 12. O-O O-O 13. e5 Ne8 14. Be7 Bxe5 15. Bxf8
Kxf8 16. Nce4 Qc7 17. c3 Nf5 18. Nf3 Bg7 19. d4 cxd4 20. cxd4 Qf4 21. Re1 Nf6
22. Nc5 Ng4 23. Re4 1-0

[Event "France - Open A"]
[Site "Chartres"]
[Date "2019.08.23"]
[Round "7.29"]
[White "Gonzalez, Loic"]
[Black "Gourbiere, Yohan"]
[Result "0-1"]
[WhiteElo "1971"]
[BlackElo "2040"]
[PlyCount "54"]
[EventDate "2019.08.??"]
[EventType "swiss"]
[EventRounds "9"]
[EventCountry "FRA"]
[WhiteTeam "AGJA-Echiquier Aquitaine"]
[BlackTeam "Echecs Club Montpellier"]

1. e4 c5 2. Nc3 g6 3. f4 Bg7 4. Nf3 Nc6 5. Bb5 Nd4 6. Nxd4 cxd4 7. Ne2 Qb6 8.
Bd3 d6 9. b3 Nf6 10. Bb2 Nd7 11. a4 Nc5 12. Bb5+ Bd7 13. Bxd7+ Nxd7 14. d3 a5
15. O-O Rc8 16. Ra2 Nb8 17. f5 Na6 18. Ba3 Be5 19. Ng3 Nb4 20. Bxb4 Qxb4 21.
Qg4 Rc7 22. h4 Qd2 23. h5 Qe3+ 24. Kh2 gxh5 25. Qf3 Qxf3 26. gxf3 h4 27. f4
hxg3+ 0-1

[Event "France - Open A"]
[Site "Chartres"]
[Date "2019.08.23"]
[Round "7.30"]
[White "Humeau, Mickael"]
[Black "Jaulin, Marc"]
[Result "1-0"]
[WhiteElo "1993"]
[BlackElo "2038"]
[PlyCount "113"]
[EventDate "2019.08.??"]
[EventType "swiss"]
[EventRounds "9"]
[EventCountry "FRA"]
[WhiteTeam "L'Echiquier Angevin"]
[BlackTeam "Echiquier de Franconville"]

1. g4 e5 2. h3 Nc6 3. d3 Be7 4. Nf3 d5 5. Nc3 f5 6. gxf5 Bxf5 7. Rg1 Bf6 8. Bg5
Qd7 9. Bxf6 Nxf6 10. Qd2 O-O-O 11. Qg5 Rhg8 12. O-O-O d4 13. Na4 h6 14. Qg3 b5
15. Nc5 Qd6 16. Nb3 a5 17. Nbd2 a4 18. a3 Be6 19. Nb1 Nd5 20. Nfd2 Nf6 21. Bg2
Bd5 22. Ne4 Nxe4 23. Bxe4 Bxe4 24. Qg4+ Kb8 25. Qxe4 g5 26. Rg2 Rgf8 27. e3 Rf6
28. h4 gxh4 29. Qxh4 Rdf8 30. Nd2 Qe6 31. Rdg1 dxe3 32. fxe3 Qa2 33. Qh1 Qa1+
34. Nb1 b4 35. Rg8 Rxg8 36. Rxg8+ Kb7 37. axb4 Kb6 38. Rg4 a3 39. bxa3 Qa2 40.
b5 Ne7 41. Ra4 Qf7 42. Ra6+ Kc5 43. d4+ exd4 44. exd4+ Kxd4 45. Ra4+ Kc5 46.
Nd2 Nd5 47. Rc4+ Kxb5 48. a4+ Kb6 49. Qg1+ Kb7 50. a5 Rf2 51. Qg4 Qe7 52. a6+
Kb8 53. a7+ Kb7 54. Qc8+ Kxa7 55. Ra4+ Kb6 56. Qa6+ Kc5 57. Nb3# 1-0

[Event "France - Open A"]
[Site "Chartres"]
[Date "2019.08.23"]
[Round "7.31"]
[White "Berger Dit Lacroix, Kilian"]
[Black "Derouineau, Jacques"]
[Result "1/2-1/2"]
[WhiteElo "1967"]
[BlackElo "2037"]
[PlyCount "64"]
[EventDate "2019.08.??"]
[EventType "swiss"]
[EventRounds "9"]
[EventCountry "FRA"]
[WhiteTeam "Echecs Club de Corbas"]
[BlackTeam "C'Chartres Echecs"]

1. e4 e5 2. Nf3 d6 3. d4 Nd7 4. Bc4 c6 5. Nc3 Be7 6. O-O Ngf6 7. a4 O-O 8. Re1
Qc7 9. b3 Nb6 10. Bd3 Bg4 11. Be3 Nbd7 12. h3 exd4 13. Bxd4 Bxf3 14. Qxf3 Ne5
15. Qg3 Rfe8 16. Be2 Qa5 17. f4 Ng6 18. Rab1 Qb4 19. Rbd1 Nd7 20. Qf3 Bf6 21.
Bxf6 Nxf6 22. Bc4 Nxf4 23. Qxf4 Qxc3 24. Qxd6 Qe5 25. g3 h6 26. Kg2 Re7 27.
Qxe5 Rxe5 28. Kf3 Rae8 29. Bd3 a5 30. Re2 Kf8 31. c3 Nd7 32. b4 b6 1/2-1/2

[Event "France - Open A"]
[Site "Chartres"]
[Date "2019.08.23"]
[Round "7.32"]
[White "Calvo, Dylan"]
[Black "Peltrault, Frederic"]
[Result "0-1"]
[WhiteElo "1975"]
[BlackElo "2101"]
[PlyCount "54"]
[EventDate "2019.08.??"]
[EventType "swiss"]
[EventRounds "9"]
[EventCountry "FRA"]
[WhiteTeam "Echiquier Tressois"]
[BlackTeam "La tour de Juvisy"]

1. d4 e6 2. c4 f5 3. e4 fxe4 4. Nc3 Nf6 5. Bg5 Bb4 6. f3 exf3 7. Nxf3 O-O 8.
Bd3 c5 9. Qc2 h6 10. Bh4 cxd4 11. Nxd4 Nc6 12. Nxc6 bxc6 13. O-O-O Qa5 14. Be1
Qc7 15. Bg3 e5 16. a3 Bc5 17. Rhe1 d6 18. Bf5 Ng4 19. Bh7+ Kh8 20. Qe4 Nf6 21.
Nb5 Qb6 22. Qh4 cxb5 23. Bg6 Bg4 24. Rd3 bxc4 25. Rc3 Bd4 26. Rc2 Be3+ 27. Kb1
Bg5 0-1

[Event "France - Open A"]
[Site "Chartres"]
[Date "2019.08.23"]
[Round "7.33"]
[White "Trouve, Guillaume"]
[Black "De Lussac, Estephe"]
[Result "1-0"]
[WhiteElo "2114"]
[BlackElo "1993"]
[PlyCount "78"]
[EventDate "2019.08.??"]
[EventType "swiss"]
[EventRounds "9"]
[EventCountry "FRA"]
[WhiteTeam "Mulhouse Philidor"]
[BlackTeam "Lille Université Club Echiquier du Nord"]

1. e4 c5 2. Nf3 d6 3. d4 cxd4 4. Nxd4 Nf6 5. Nc3 g6 6. Be3 Bg7 7. f3 O-O 8. Qd2
Nc6 9. g4 h5 10. h3 Bd7 11. O-O-O Nxd4 12. Bxd4 Qa5 13. Bc4 Rac8 14. Bb3 b5 15.
gxh5 Nxh5 16. Qg5 e5 17. Be3 Rxc3 18. bxc3 Qxc3 19. Kb1 Nf4 20. Rxd6 Be6 21.
Qg1 Bxb3 22. axb3 Rc8 23. Rh2 Bf8 24. Ra6 Nd3 25. cxd3 Qxb3+ 26. Rb2 Qxd3+ 27.
Ka1 Ba3 28. Rxg6+ fxg6 29. Qxg6+ Kf8 30. Qf6+ Ke8 31. Qe6+ Kd8 32. Rd2 Rc1+ 33.
Ka2 Rc2+ 34. Rxc2 Qxc2+ 35. Kxa3 Qd3+ 36. Qb3 Qd6+ 37. Kb2 Ke7 38. Qa3 b4 39.
Qxa7+ Kf6 1-0